Municipalities of Taipei City - Statistics

General Stats
  • This quiz has been taken 44 times
  • The average score is 10 of 12
Answers on the Map
Answers color-coded by a green-red scale on the quiz's map according to % correct below.
 
Answer Stats
Answer % Correct
Da'an 大安
97%
Xinyi 信義
97%
Datong 大同
90%
Songshan 松山
90%
Wanhua 萬華
90%
Zhongshan 中山
90%
Beitou 北投
86%
Shilin 士林
86%
Nangang 南港
83%
Zhongzheng 中正
83%
Neihu 內湖
79%
Wenshan 文山
76%
No matching quizzes found
Score Distribution
Percent of People with Each Score
Percentile by Number Answered
Your Score History
You have not taken this quiz